Statistiques concernant Champions Actuelle de l’UFC

Cliquez ici pour prendre le quiz!

Statistiques générales

  • Ce quiz a été pris 2 301 fois
    (140 depuis la dernière actualisation)
  • Le résultat moyen est 10 sur 13

Statistiques - réponses

CatégorieChampion% Correct
Heavyweight(-120kg)Jon Jones
97%
Lightweight(-70kg)Islam Makhachev
95%
Light Heavyweight(-93kg)Alex Pereira
89%
Bantamweight(-61kg)Sean O'Malley
88%
Featherweight(-66kg)Ilia Topuria
87%
Welterweight(-77kg)Leon Edwards
84%
BMFMax Holloway
82%
Middleweight(-84kg)Dricus du Plessis
79%
Flyweight (-57kg)Alexandre Pantoja
74%
Heavyweight I(-120kg)Tom Aspinall
74%
Flyweight(-57kg)Alexa Grasso
50%
Strawweight(-52kg)Zhang Weili
45%
Bantamweight(-61kg)Raquel Pennington
22%

Distribution des résultats

Percentile par nombre de réponses

% des personnes avec chaque résultat

Votre développement - résultats

Vous n’avez pas pris ce quiz depuis la dernière actualisation